000 00593nam a2200217Ia 4500
003 OSt
005 20221007074300.0
006 a|||||r|||| 00| 0
007 ta
008 221006b |||||||| |||| 00| 0 eng d
024 _a29,860
037 _cReports / Technical Reports
040 _aFLL
_cFLL
_beng
041 _2eng
_aeng
082 _aZ271qm, A9
245 0 _aCompilation of local rules and orders
260 _aNagpur
_bGovernment Press India
_c1909
300 _a128p
_ccm.
942 _hZ271qm, A9
_cREP
_2CC
999 _c1151771
_d1151771